[Event "Santa Cruz de Tenerife Primavera op"]
[Site "Santa Cruz de Tenerife"]
[Date "2019.03.22"]
[Round "6"]
[White "Reyes Lopez, Angel"]
[Black "Paz Mendez, German Christopher"]
[Result "1/2-1/2"]
[WhiteElo "1826"]
[BlackElo "1918"]
[PlyCount "171"]
[EventDate "2019.03.11"]
[EventType "swiss"]
[EventRounds "9"]
[EventCountry "ESP"]
[SourceTitle "CBM 190 Extra"]
[Source "ChessBase"]
[SourceDate "2019.07.15"]
[SourceVersion "1"]
[SourceVersionDate "2019.07.15"]
[SourceQuality "1"]

1. Nf3 g6 2. d4 Bg7 3. e4 d6 4. Bc4 Nf6 5. Qe2 Nc6 6. d5 Nb8 7. h3 c6 8. dxc6 Nxc6 9. 0-0 0-0 10. Rd1 Nd7 11. c3 Nde5 12. Nxe5 Nxe5 13. Bb3 Be6 14. f4 Bxb3 15. axb3 Nc6 16. Be3 Qc8 17. Nd2 a6 18. Nc4 Qe6 19. Nb6 Rad8 20. Qc4 Qf6 21. b4 Qh4 22. b5 axb5 23. Qxb5 e5 24. Nd5 exf4 25. Bf2 Qg5 26. Qxb7 Ne5 27. Qe7 f6 28. Ra7 Qh6 29. Nxf4 Rde8 30. Qxg7+ Qxg7 31. Rxg7+ Kxg7 32. Rxd6 Rf7 33. b4 Rd7 34. Ra6 Rd1+ 35. Kh2 Rf1 36. Bg3 Nc4 37. Ne6+ Kf7 38. Nc5 Rd8 39. Ra7+ Kg8 40. Nd7 Re8 41. b5 Re6 42. Rc7 Nd2 43. b6 Rb1 44. b7 Nf1+ 45. Kg1 Nxg3+ 46. Kf2 Nxe4+ 47. Kf3 Nxc3 48. b8Q+ Rxb8 49. Nxb8 Nd5 50. Rd7 Ne7 51. Rb7 Kf7 52. Nd7 h5 53. g3 Rc6 54. Ra7 Rc3+ 55. Kf2 h4 56. gxh4 Rxh3 57. Ra8 Ke6 58. Nf8+ Kf7 59. Nd7 f5 60. Ne5+ Kf6 61. Nf3 Rh1 62. Ra6+ Kg7 63. Ra7 Kf8 64. Ra8+ Kf7 65. Ng5+ Kf6 66. Ra6+ Kg7 67. Nf3 Ng8 68. Ne5 Nf6 69. Ra7+ Kh6 70. Ra6 Ng4+ 71. Kg2 Nxe5 72. Kxh1 Kh5 73. Kg2 Kxh4 74. Re6 Nd3 75. Kf3 Kg5 76. Re3 Nf4 77. Ra3 Nh5 78. Ra5 Nf6 79. Rb5 Ng4 80. Ra5 Nh6 81. Rb5 Kh5 82. Kg3 g5 83. Ra5 f4+ 84. Kf3 Nf7 85. Rf5 Kg6 86. Rxf4 1/2-1/2

[Event "Canarias-ch U18"]
[Site "Santa Cruz de Tenerife"]
[Date "2018.05.12"]
[Round "4"]
[White "Marin Dorta, Alejandro"]
[Black "Reyes Lopez, Angel"]
[Result "0-1"]
[WhiteElo "1433"]
[BlackElo "1846"]
[PlyCount "86"]
[EventDate "2018.05.10"]
[EventType "swiss"]
[EventRounds "6"]
[EventCountry "ESP"]
[SourceTitle "EXT 2022"]
[Source "ChessBase"]
[SourceDate "2021.10.06"]
[SourceVersion "1"]
[SourceVersionDate "2021.10.06"]
[SourceQuality "1"]

1. e4 c5 2. c3 Nf6 3. e5 Nd5 4. d4 cxd4 5. Nf3 e6 6. cxd4 b6 7. Bd3 Bb7 8. 0-0 Be7 9. Re1 d6 10. Bd2 Nd7 11. a3 Rc8 12. Nc3 dxe5 13. dxe5 Nc5 14. Bb5+ Bc6 15. Nd4 Bxb5 16. Ndxb5 a6 17. Nxd5 Qxd5 18. Nc3 Qb3 19. Qxb3 Nxb3 20. Rad1 0-0 21. Be3 b5 22. Rd7 Bxa3 23. Nxb5 Bb4 24. Nc3 Bxc3 25. bxc3 Rxc3 26. Ra7 Rc6 27. Rb1 Na5 28. Ra1 Nc4 29. R7xa6 Rxa6 30. Rxa6 Nxe5 31. f4 Ng4 32. Bd4 Rc8 33. g3 h5 34. h3 Nh6 35. Ra5 Nf5 36. Bf2 Rc3 37. g4 hxg4 38. hxg4 Nd6 39. Kg2 Ne4 40. Bd4 Rg3+ 41. Kh2 Rxg4 42. Ra8+ Kh7 43. Be5 f6 0-1

[Event "Las Palmas Montalvo Memorial 11th"]
[Site "Las Palmas"]
[Date "2018.03.25"]
[Round "2"]
[White "Reyes Lopez, Angel"]
[Black "Cabrera Martel, Isaac"]
[Result "0-1"]
[WhiteElo "1800"]
[BlackElo "1503"]
[PlyCount "120"]
[EventDate "2018.03.24"]
[EventType "swiss"]
[EventRounds "9"]
[EventCountry "ESP"]
[SourceTitle "CBM 183 Extra"]
[Source "ChessBase"]
[SourceDate "2018.04.19"]
[SourceVersion "1"]
[SourceVersionDate "2018.04.19"]
[SourceQuality "1"]

1. e4 e5 2. Nf3 Nf6 3. Nxe5 d6 4. Nf3 Nxe4 5. Nc3 Nxc3 6. dxc3 Be7 7. Bf4 Bg4 8. Be2 Nd7 9. Qd2 Nf6 10. 0-0-0 0-0 11. h3 Be6 12. Kb1 d5 13. Nd4 c5 14. Nxe6 fxe6 15. Qe3 Qd7 16. g4 Bd6 17. Bxd6 Qxd6 18. g5 Nd7 19. Bg4 Rae8 20. Rhe1 Nb6 21. Bxe6+ Kh8 22. b3 Re7 23. Re2 Rfe8 24. Rde1 Na8 25. Qg3 Qxg3 26. fxg3 Nc7 27. Bg4 Rxe2 28. Rxe2 Rxe2 29. Bxe2 Kg8 30. Bg4 Kf7 31. Kc1 Ke7 32. Kd2 Ne8 33. Kd3 Nd6 34. Bf3 Ke6 35. a4 b6 36. Ke3 Ke5 37. g4 Nf7 38. h4 Nd6 39. Be2 g6 40. Bd3 c4 41. Be2 Ne4 42. bxc4 Nxc3 43. Bd3 Nxa4 44. cxd5 Kxd5 45. h5 Nb2 46. Bxg6 hxg6 47. hxg6 Ke6 48. Kd4 a5 49. Kc3 Na4+ 50. Kc4 Nc5 51. Kb5 a4 52. Kxb6 a3 53. g7 Kf7 54. Kxc5 a2 55. c4 a1Q 56. Kb6 Qb2+ 57. Kc6 Qxg7 58. c5 Qxg5 59. Kd6 Qf4+ 60. Kd7 Qxg4+ 0-1

[Event "Las Palmas Montalvo Memorial 11th"]
[Site "Las Palmas"]
[Date "2018.03.24"]
[Round "1"]
[White "Strikovic, Aleksa"]
[Black "Reyes Lopez, Angel"]
[Result "1-0"]
[WhiteElo "2507"]
[BlackElo "1800"]
[PlyCount "63"]
[EventDate "2018.03.24"]
[EventType "swiss"]
[EventRounds "9"]
[EventCountry "ESP"]
[SourceTitle "CBM 183 Extra"]
[Source "ChessBase"]
[SourceDate "2018.04.19"]
[SourceVersion "1"]
[SourceVersionDate "2018.04.19"]
[SourceQuality "1"]

1. c4 Nf6 2. Nc3 g6 3. e4 d6 4. d4 Bg7 5. f3 0-0 6. Bg5 c5 7. d5 Na6 8. Qd2 Nc7 9. Nge2 a6 10. a4 Rb8 11. Ng3 Bd7 12. a5 b5 13. axb6 Rxb6 14. Be2 Qb8 15. Ra2 e6 16. 0-0 exd5 17. exd5 Qb7 18. Bd1 h5 19. Ba4 Bxa4 20. Nxa4 Rb4 21. Qc2 Nh7 22. Bd2 Rb3 23. Ne4 Rd8 24. Ba5 Bd4+ 25. Kh1 Re3 26. Ra3 f5 27. Rxe3 Bxe3 28. Nf2 Bd4 29. Nd3 Rd7 30. b4 cxb4 31. Nxb4 Be3 32. Nd3 1-0

[Event "Tenerife-chT Primera 1718"]
[Site "Tenerife"]
[Date "2018.03.17"]
[Round "13.3"]
[White "Reyes Lopez, Angel"]
[Black "Rodriguez Tudanca, Abel"]
[Result "1-0"]
[WhiteElo "1815"]
[BlackElo "1633"]
[PlyCount "51"]
[EventDate "2017.11.11"]
[EventType "team-tourn"]
[EventRounds "14"]
[EventCountry "ESP"]
[SourceTitle "CBM 187 Extra"]
[Source "ChessBase"]
[SourceDate "2018.11.04"]
[SourceVersion "1"]
[SourceVersionDate "2018.11.04"]
[SourceQuality "1"]
[WhiteTeam "Laguna Cotelec III"]
[BlackTeam "La Victoria 94 II"]
[WhiteTeamCountry "ESP"]
[BlackTeamCountry "ESP"]

1. e4 c5 2. Nf3 d6 3. d4 cxd4 4. Nxd4 Nf6 5. Nc3 a6 6. Bg5 e6 7. f4 Be7 8. Qf3 Qc7 9. 0-0-0 Nbd7 10. g4 b5 11. Bxf6 Nxf6 12. g5 Nd7 13. f5 Bxg5+ 14. Kb1 Ne5 15. Qh5 Bf6 16. Nxe6 Bxe6 17. fxe6 Rc8 18. Bh3 g6 19. Qe2 Kf8 20. Nd5 Qd8 21. e7+ Bxe7 22. Bxc8 Qxc8 23. Qd2 Qe6 24. Qh6+ Kg8 25. Nc7 Qg4 26. Ne8 1-0

[Event "Tenerife-chT Preferente 1718"]
[Site "Tenerife"]
[Date "2017.12.02"]
[Round "3.4"]
[White "Reyes Lopez, Angel"]
[Black "Mendez Acosta, Alexander Jesus"]
[Result "0-1"]
[WhiteElo "1814"]
[BlackElo "1956"]
[PlyCount "62"]
[EventDate "2017.11.11"]
[EventType "team-tourn"]
[EventRounds "14"]
[EventCountry "ESP"]
[SourceTitle "EXT 2019"]
[Source "ChessBase"]
[SourceDate "2018.10.10"]
[SourceVersion "1"]
[SourceVersionDate "2018.10.10"]
[SourceQuality "1"]
[WhiteTeam "Laguna Cotelec"]
[BlackTeam "Al Shah Mat Los Realejos"]
[WhiteTeamCountry "ESP"]
[BlackTeamCountry "ESP"]

1. e4 e6 2. d4 d5 3. Nd2 Nf6 4. e5 Nfd7 5. Bd3 c5 6. c3 Nc6 7. Ne2 cxd4 8. cxd4 f6 9. Nf3 Be7 10. Nf4 Bb4+ 11. Kf1 Qe7 12. exf6 Nxf6 13. g3 0-0 14. a3 Ba5 15. b4 Bc7 16. Kg2 Ne4 17. b5 Nd8 18. Bxe4 dxe4 19. Ne5 Nf7 20. Bb2 Nxe5 21. dxe5 Bd7 22. a4 Rf5 23. Ba3 Qf7 24. Bd6 Bxd6 25. Qxd6 g5 26. Nh3 Rf8 27. Qd4 a6 28. Rhd1 Be8 29. bxa6 Bc6 30. Rdc1 Rxf2+ 31. Kg1 e3 0-1

[Event "Tenerife-chT Preferente 1718"]
[Site "Tenerife"]
[Date "2017.11.18"]
[Round "2.4"]
[White "Gonzalez Moreno, Juan Carlos"]
[Black "Reyes Lopez, Angel"]
[Result "0-1"]
[WhiteElo "1624"]
[BlackElo "1814"]
[PlyCount "78"]
[EventDate "2017.11.11"]
[EventType "team-tourn"]
[EventRounds "14"]
[EventCountry "ESP"]
[SourceTitle "EXT 2019"]
[Source "ChessBase"]
[SourceDate "2018.10.10"]
[SourceVersion "1"]
[SourceVersionDate "2018.10.10"]
[SourceQuality "1"]
[WhiteTeam "Ciberjaque Universidad"]
[BlackTeam "Laguna Cotelec"]
[WhiteTeamCountry "ESP"]
[BlackTeamCountry "ESP"]

1. Nf3 Nf6 2. g3 g6 3. b3 Bg7 4. Bb2 0-0 5. Bg2 d5 6. c4 c6 7. 0-0 Re8 8. d4 Qb6 9. Ne5 Bf5 10. Nc3 Rd8 11. e3 Ne4 12. Na4 Qa6 13. f3 Nd6 14. Nc5 Qa5 15. Ned3 b6 16. b4 Bxd3 17. bxa5 Bxf1 18. axb6 axb6 19. Nb7 Nxb7 20. Qxf1 Nd6 21. cxd5 cxd5 22. Qe1 Nc4 23. Bc1 Nc6 24. Bf1 Nxd4 25. exd4 Bxd4+ 26. Be3 Nxe3 27. Kh1 Bxa1 28. Qxe3 d4 29. Qb3 Rac8 30. Kg2 Rd6 31. Bd3 Rc3 32. Qb1 Bb2 33. a4 Ba3 34. Qb5 Re6 35. Kf2 Bc5 36. f4 Re3 37. Bc4 Rc2+ 38. Kf1 Kg7 39. a5 Ra3 0-1

[Event "Santa Cruz de Tenerife Verano op"]
[Site "Santa Cruz de Tenerife"]
[Date "2017.08.30"]
[Round "9"]
[White "Reyes Lopez, Angel"]
[Black "Perez Perez, Gabriel"]
[Result "1-0"]
[WhiteElo "1729"]
[BlackElo "1974"]
[PlyCount "25"]
[EventDate "2017.08.02"]
[EventType "swiss"]
[EventRounds "9"]
[EventCountry "ESP"]
[SourceTitle "EXT 2018"]
[Source "ChessBase"]
[SourceDate "2017.10.13"]
[SourceVersion "1"]
[SourceVersionDate "2017.10.13"]
[SourceQuality "1"]

1. e4 c5 2. Nf3 d6 3. d4 cxd4 4. Nxd4 Nf6 5. Nc3 a6 6. Bg5 Nbd7 7. Bc4 e6 8. Bxe6 fxe6 9. Nxe6 Qb6 10. 0-0 Kf7 11. Nd5 Nxd5 12. Qxd5 Ke8 13. Nc7+ 1-0

[Event "Tenerife-chT Primera 1617"]
[Site "Tenerife"]
[Date "2017.03.25"]
[Round "10.2"]
[White "Reyes Lopez, Angel"]
[Black "Hernandez Perez, Javier"]
[Result "1-0"]
[WhiteElo "1481"]
[BlackElo "1591"]
[PlyCount "184"]
[EventDate "2016.12.10"]
[EventType "team-tourn"]
[EventRounds "14"]
[EventCountry "ESP"]
[SourceTitle "EXT 2018"]
[Source "ChessBase"]
[SourceDate "2017.10.13"]
[SourceVersion "1"]
[SourceVersionDate "2017.10.13"]
[SourceQuality "1"]
[WhiteTeam "Laguna Cotelec II"]
[BlackTeam "Benito"]
[WhiteTeamCountry "ESP"]
[BlackTeamCountry "ESP"]

1. e4 e6 2. d4 d5 3. Nd2 c5 4. Ngf3 Nf6 5. exd5 exd5 6. Bb5+ Bd7 7. Bxd7+ Nbxd7 8. 0-0 Be7 9. c3 0-0 10. Re1 cxd4 11. Nxd4 Bd6 12. Nf1 a6 13. Bg5 h6 14. Bh4 Re8 15. Qd2 Qc7 16. Bg3 Ne4 17. Bxd6 Qxd6 18. Qc2 Ndf6 19. f3 Ng5 20. Qd2 Ne6 21. Ne3 Nxd4 22. Qxd4 Qe5 23. Qd3 Qd6 24. Kh1 b5 25. Nc2 Rxe1+ 26. Rxe1 Re8 27. Rd1 Re5 28. h3 Rg5 29. Ne3 Qg3 30. Qd2 g6 31. Qe1 Qxe1+ 32. Rxe1 Re5 33. Kg1 Nh5 34. Kf2 Nf4 35. Rd1 Kg7 36. Rd2 h5 37. Nc2 Ne6 38. Nb4 Nc7 39. f4 Re6 40. Nxd5 Rd6 41. Nxc7 Rxd2+ 42. Kf3 Rxb2 43. Nxa6 Rxa2 44. Nc7 Ra5 45. g4 hxg4+ 46. hxg4 Kf6 47. Ke3 Ke7 48. Nd5+ Kd6 49. Kd4 Ra4+ 50. Nb4 Ra1 51. c4 bxc4 52. Kxc4 Rf1 53. Nd3 Rf3 54. Kd4 Ke6 55. Ke4 Rg3 56. g5 Rg1 57. Nc5+ Ke7 58. Ke5 Re1+ 59. Ne4 Re2 60. Kd5 Re1 61. Ke5 Ra1 62. Nf6 Ra5+ 63. Nd5+ Kd7 64. Ke4 Kd6 65. Ne3 Ra4+ 66. Kf3 Ke6 67. Kg4 Re4 68. Kf3 Ra4 69. Kg4 Ra3 70. Nc4 Rc3 71. Ne5 Rc5 72. Nf3 f5+ 73. gxf6 Kxf6 74. Ng5 Rc4 75. Nh7+ Kg7 76. Ng5 Rc1 77. Ne4 Rg1+ 78. Ng3 Kf6 79. Kf3 Ke6 80. Ne4 Rf1+ 81. Kg4 Kd5 82. Nf6+ Ke6 83. Ne4 Rg1+ 84. Kf3 Kf5 85. Nd6+ Ke6 86. Ne4 Rf1+ 87. Kg4 Re1 88. Nc5+ Kd5 89. Nd3 Rg1+ 90. Kf3 Kd4 91. Ne5 g5 92. Kf2 Rh1 1-0